000
00285nam a2200109Ia 4500
008
200302s9999 xx 000 0 und d
100
_a
Rafi Ahmad & Other
245
_a
Analytical Methods for Environmental Monitoring
260
_b
Prentice Hall Inc.
260
_c
2001
300
_a
317 P.,
999
_c
5486
_d
5486